| 000 | 00343 a2200097 4500 | ||
|---|---|---|---|
| 245 | 0 | 0 |
_aLampy elektronowe - Lampy analizujące Nazwy i określenia PN-76/T-01010.11 / _cMin. Przem. Maszynowego. |
| 246 | 1 | 3 | _aPN-76/T-01010.11 |
| 246 | 1 | 3 | _a621.385.832.522:001.4 |
| 260 |
_aWarszawa : _bMin. Przem. Maszynowego, _c1976. |
||
| 300 |
_a4 stron ; _c30 cm. |
||
| 650 | _aPolska norma | ||
| 999 |
_c18996 _d18996 |
||